LEADER 00952nam1 2200325 450 001 990002940350203316 005 20070606131545.0 035 $a000294035 035 $aUSA01000294035 035 $a(ALEPH)000294035USA01 035 $a000294035 100 $a20070606d1999----km-y0itay50------ba 101 $aeng 102 $aGB 105 $aaj--||||001yy 200 1 $aHandbook of reagents for organic synthesis 210 $aChichester [etc.]$cWiley$d1999- 215 $av.$cill.$d29 cm 463 \1$1001990002940400203316$12001 $a<<7:>>Reagents for glycoside, nucleotide, and peptide synthesis 606 0 $aReazioni chimiche 606 0 $aSintesi organiche 676 $a547.2 801 0$aIT$bsalbc$gISBD 912 $a990002940350203316 951 $a547.2 HAND/$bCBS$c547.2 959 $aBK 969 $aSCI 979 $aANGELA$b90$c20070606$lUSA01$h1315 996 $aHandbook of reagents for organic synthesis$984290 997 $aUNISA LEADER 02112nam 2200457z- 450 001 9910557504403321 005 20211118 035 $a(CKB)5400000000044512 035 $a(oapen)https://directory.doabooks.org/handle/20.500.12854/74083 035 $a(oapen)doab74083 035 $a(EXLCZ)995400000000044512 100 $a20202111d2020 |y 0 101 0 $aeng 135 $aurmn|---annan 181 $ctxt$2rdacontent 182 $cc$2rdamedia 183 $acr$2rdacarrier 200 00$aUnraveling the Biology, Genetics, and Host/Environmental Interactions of Acinetobacter 210 $cFrontiers Media SA$d2020 215 $a1 online resource (222 p.) 311 08$a2-88963-946-0 330 $aThis eBook is a collection of articles from a Frontiers Research Topic. Frontiers Research Topics are very popular trademarks of the Frontiers Journals Series: they are collections of at least ten articles, all centered on a particular subject. With their unique mix of varied contributions from Original Research to Review Articles, Frontiers Research Topics unify the most influential researchers, the latest key findings and historical advances in a hot research area! Find out more on how to host your own Frontiers Research Topic or contribute to one as an author by contacting the Frontiers Editorial Office: frontiersin.org/about/contact 606 $aMedical microbiology and virology$2bicssc 606 $aMicrobiology (non-medical)$2bicssc 606 $aScience: general issues$2bicssc 610 $aAcinetobacter 610 $aAntibiotic resistance 610 $aEpidemiology 610 $aPathogen 610 $aPathogenicity 615 7$aMedical microbiology and virology 615 7$aMicrobiology (non-medical) 615 7$aScience: general issues 700 $aAlejandra Mussi$b Maria$4edt$01307133 702 $aSoledad Ramirez$b Maria$4edt 702 $aAlejandra Mussi$b Maria$4oth 702 $aSoledad Ramirez$b Maria$4oth 906 $aBOOK 912 $a9910557504403321 996 $aUnraveling the Biology, Genetics, and Host$93028684 997 $aUNINA